Metod konečnych elementov

Salvato in:
Dettagli Bibliografici
Autore principale: Deklu, J. (Autore)
Natura: Libro
Lingua:russo
Pubblicazione: Moskva : Mir, 1976
Edizione:Z franc. orig. B.I.Krasov
Tags: Aggiungi Tag
Nessun Tag, puoi essere il primo ad aggiungerne!!

MARC

LEADER 00000nam a22000003a 4500
001 stu201232
005 20150617230107.8
008 100319s1976----xxr-----------------rus-d
040 |a STU  |b slo 
041 0 |a rus 
044 |a xxr 
080 |a 517:518 
100 1 |a Deklu, J.  |4 aut 
245 1 |a Metod konečnych elementov 
250 |a Z franc. orig. B.I.Krasov 
260 |a Moskva :  |b Mir,  |c 1976 
300 |a 94 s 
996 |b E39037  |c E*39037  |l EE03  |s P  |a 0  |w stu201232_0002